00250nam a2200109Ia 4500008004100000082001000041100001500051245001900066260001700085630001900102730001900121100328s9999 xx 000 0 und d b15046 aCary Joyee aMister Johnson bBerkley Pub. aMister Johnson aMister Johnson